00596nam a2200205Ia 4500020001100000082002000011100001800031245003300049260005400082300001500136440004000151650004700191650003100238650002600269650002500295650002100320700001700341700001600358700001600374 a764650 a305.420954 TRI; aSingh, J.P./s 0aTribal women and development aUdaipurbTribal Area Development Departmentc1985 axx, 310 p. aSpecial Number of Tribe ; 17 no.1-4 aSantal (South Asian people) - West Bengal aWomen, Bhil (Indic people) aWomen-Education-India aWomen in development aTribes - India  aSingh, J.P.  aVyas, N.N.  aMann, R.S.